| 000 | 00983nam a2200193Ia 4500 | ||
|---|---|---|---|
| 003 | Ost | ||
| 005 | 20260507075742.0 | ||
| 008 | 260507s9999||||xx |||||||||||||| ||und|| | ||
| 040 | _cfsecg | ||
| 041 | _aara | ||
| 082 | _a330 | ||
| 100 |
_aعطية، عبد القادر محمد عبد القادر _eمؤلف |
||
| 245 | 0 |
_aاتجاهات حديثة في التنمية / _c عبد القادر محمد عبد القادر عطية |
|
| 260 |
_aالقاهرة: _bالدار الجامعية, _c2003 |
||
| 300 |
_a265 صفحة؛ _bإيضاحات ؛ _c24 سم |
||
| 520 | _aمفهوم النمو والتنمية- تنميط التنمية- سياسات وأساليب التنمية البشرية- تحليل الآثار التنموية للخصخصة- دور الدولة في ظل إقتصاديات السوق- التغيرات الإقتصادية العالمية وأثرها على التنمية | ||
| 653 | _aالتنمية الإقتصادية | ||
| 942 | _cكتاب | ||
| 999 |
_c46153 _d46153 |
||